000 01358nam0a2200325 4500
001 RU\NLR\BIBL_A\011765742
005 20180827144049.0
010 _a978-5-04-090295-8
_93000
021 _aRU
_bКН-П-18-048645
_9КН-П-18-3514
021 _aRU
_bКН-П-21-055636
_9КН-П-21-4353
035 _a(NLR Aleph) 011765742
035 _a(RuMoRGB)009678246
090 _a11700498
_c11700498
100 _a20180808d2018 c y0rusy50 ca
101 1 _arus
_cger
102 _aRU
105 _aa z 000ay
200 1 _aМаленькая Баба-Яга
_e[для младшего школьного возраста]
_fОтфрид Пройслер
_gиллюстрации Ольги Ионайтис
_g[перевод с немецкого Юрия Коринца]
210 _aМосква
_c#Эксмодетство
_d2018
215 _a92, [2] с.
_cцв. ил.
_d22
225 1 _aДружим с детства!
333 _a6+
686 0 _aШ9(4Г)60-4
700 1 _7ca
_8rus
_aПройслер
_bО.
_f1923-2013
_gОтфрид
_914170
_3RU\NLR\AUTH\7731159
702 1 _4040
_7ca
_8rus
_aИонайтис
_bО. Р.
_cхудожник
_f1965-
_gОльга Ромуальдовна
_957889
_3RU\NLR\AUTH\7774961
942 _cBOOK
980 _aNB